Nociones de física y química /

Guardado en:
Autor Principal: Maiztegui, Alberto P.
Otros Autores: Boido, Guillermo, López, Marcelo F.
Formato: Libro
Publicado: Buenos Aires : Kapelusz, 2001
Series:Biblioteca del Polimodal
Materias:
Etiquetas: Agregar Etiqueta
Sin Etiquetas, Sea el primero en etiquetar este registro!
LEADER 01183nam a22002295a 4500
001 CEM.cems010613
005 20080507123110.0
008 130507s2001##################000#0#####d
003 CEMS
020 |a 9501324176 
082 0 4 |a 541 
100 1 |a Maiztegui, Alberto P. 
245 1 0 |a Nociones de física y química /  |c Alberto P. Maiztegui, Guillermo Boido, Marcelo F. López 
260 |a Buenos Aires :  |b Kapelusz,  |c 2001 
300 |a 252 p. 
490 0 |a Biblioteca del Polimodal 
505 0 |a Ciencia y tecnología en el mundo moderno -- Algo fundamental: medir -- La masa y el peso -- Conservación de la masa y la energía -- La clasificación de los materiales -- Las reacciones químicas y las soluciones -- La teoría atómica de la materia -- La teoría atómica y los cambios de estado -- Gravitación -- Fuerzas y movimiento -- Movimiento circular de un punto material y movimiento de rotación de un cuerpo -- Energía cinética y potencial gravitatoria -- La ciencia y la tecnología en el mundo moderno 
653 |a Física 
653 |a Química 
700 1 |a Boido, Guillermo 
700 1 |a López, Marcelo F. 
859 |a CEMS  |b BIB. CEMS - 11 de abril  |h 541  |i M287  |p 21162.01  |t Ej.1